000 01253nam a2200241Ia 4500
003 Ost
005 20260507075218.0
008 260507s9999||||xx |||||||||||||| ||und||
020 _a60277499579
040 _cfsecg
041 _aara
082 _a330
100 _aالكايد، محمد احمد
_eمؤلف
245 0 _aالإدارة المالية الدولية و العالمية :
_bالتحليل المالي و الاقتصادي /
_c محمد احمد الكايد
260 _aعمان:
_bدار كنزو المعرفة,
_c2009
300 _a272 صفحة؛
_c24 سم
504 _aمراجع ص.271
520 _aالتعريف بالادارة المالية ،أعمال المنظمة الدولية ،التحليل المالي للاستثمارات والقرارات الواجب اعتمادها من قبل ادارة الشركة ،ادارة رأس المالالعام للشركة وفروعها في الخارج للكشف عن مصادر التمويل الداخلية والخارجية ،مع التطرق لوظائف المالية الدولية .
653 _aالادارة المالية
653 _aالتحليل الاقتصادي
653 _aالتحليل المالي
942 _cكتاب
999 _c43504
_d43504